000
00227 a2200097 4500
001
30469
100
_a
Martin
245
_a
The logic and rhetoric of Exposition
260
_a
NY
_b
Rinehart and Compnay
_c
090
_c
20411
_d
20411
942
_a
NUST-CAE
_c
M
_c
11572
999
_c
265542
_d
265542